[Event "Mukachevo Rating March 2019"]
[Site "Mukachevo"]
[Date "2019.03.14"]
[Round "3"]
[White "Demeter, Dorina"]
[Black "Kagramanianz, Vartan"]
[Result "1-0"]
[WhiteElo "2140"]
[BlackElo "2249"]
[Annotator "ChessBase"]
[PlyCount "88"]
[EventDate "2019.??.??"]
[EventCountry "UKR"]
[SourceTitle "playchess.com"]
[Source "ChessBase"]
[SourceQuality "1"]
[TimeControl "40/5400+30:900+30"]

1. Nf3 c5 2. c4 Nf6 3. Nc3 b6 4. g3 Bb7 5. Bg2 e6 6. O-O d6 7. Re1 Nbd7 8. e4 a6 9. d4 cxd4 10. Nxd4 Qc7 11. Bf1 Be7 12. b3 O-O 13. Bb2 Rac8 14. Bg2 Qb8 15. Qd2 Rfe8 16. f4 Bf8 17. Rad1 Qa7 18. Kh1 Qa8 19. Nc2 Rc7 20. h3 Rec8 21. e5 dxe5 22. fxe5 Nh5 23. Kh2 Bxg2 24. Qxg2 Qxg2+ 25. Kxg2 b5 26. Ne3 Rb8 27. Rf1 Bc5 28. Rde1 g5 29. cxb5 axb5 30. Ne4 Bxe3 31. Rxe3 Rc2+ 32. Rf2 Rxf2+ 33. Kxf2 Ra8 34. a3 h6 35. Nd6 b4 36. axb4 Nb6 37. b5 Nd5 38. Re2 Ng7 39. Bd4 Ne8 40. b6 Rb8 41. Rc2 Nb4 42. Rc8 Rxc8 43. Nxc8 Nc6 44. b7 Nb8 1-0

[Event "Mukachevo Rating March 2019"]
[Site "Mukachevo"]
[Date "2019.03.14"]
[Round "4"]
[White "Tiba, Vladyslav"]
[Black "Shkuran, Danylo"]
[Result "1/2-1/2"]
[WhiteElo "2389"]
[BlackElo "2356"]
[Annotator "NA"]
[PlyCount "60"]
[EventDate "2019.??.??"]
[EventCountry "UKR"]
[SourceTitle "playchess.com"]
[Source "ChessBase"]
[SourceQuality "1"]
[TimeControl "40/5400+30:900+30"]

1. e4 c6 2. d4 d5 3. Nc3 dxe4 4. Nxe4 Bf5 5. Ng3 Bg6 6. h4 h6 7. Nf3 Nd7 8. h5 Bh7 9. Bd3 Bxd3 10. Qxd3 Ngf6 11. Bd2 Qc7 12. Ne4 Nxe4 13. Qxe4 e6 14. O-O-O O-O-O 15. g3 Bd6 16. c4 c5 17. Bc3 Nf6 18. Qe2 Rhe8 19. dxc5 {B19: Classical Caro-Kann: 4...Bf5 main line} (19. Ne5 cxd4 20. Bxd4 Bxe5 21. Bxe5 Qa5 22. a3 Nd7 23. Bd6 Nf6 24. c5 Qa4 25. Rh4 Qc6 26. Kb1 Nd5 27. Rg4 {1-0 (60) Ganguly,S (2625)-Mahjoob,M (2498) Subic Bay 2009}) 19... Bxc5 20. Ne5 Rd6 21. Rxd6 $14 ({Predecessor:} 21. b4 $5 {[%cal Rb4c5]} Rxd1+ 22. Rxd1 $16 Bd6 23. f4 Nd5 24. Qd3 Bxb4 25. Bxb4 Nxb4 {0-1 (51) Candelier,R-Raimondi,M France 1988}) 21... Bxd6 22. Rd1 Rd8 23. a3 Bc5 24. Rxd8+ Kxd8 25. f4 Bd6 26. Kb1 Ke8 27. Ka2 a6 28. Bd4 Bc5 29. Bc3 Bd6 30. Bd4 Bc5 1/2-1/2

[Event "Mukachevo Rating March 2019"]
[Site "Mukachevo"]
[Date "2019.03.14"]
[Round "4"]
[White "Zambo, Zoltan Istvan"]
[Black "Demeter, Dorina"]
[Result "1/2-1/2"]
[WhiteElo "2370"]
[BlackElo "2140"]
[Annotator "NA"]
[PlyCount "70"]
[EventDate "2019.??.??"]
[EventCountry "UKR"]
[SourceTitle "playchess.com"]
[Source "ChessBase"]
[SourceQuality "1"]
[TimeControl "40/5400+30:900+30"]

1. e4 c6 2. d4 d5 3. exd5 cxd5 4. c4 Nf6 5. Nc3 Nc6 6. Nf3 Bg4 7. cxd5 Nxd5 8. Qb3 Bxf3 9. gxf3 e6 10. Qxb7 Nxd4 11. Bb5+ Nxb5 12. Qc6+ Ke7 13. Qxb5 Qd7 14. Nxd5+ Qxd5 15. Qxd5 exd5 16. Bf4 Ke6 17. O-O-O Rc8+ 18. Kb1 Bb4 19. a3 Ba5 20. b4 Bb6 21. Rhe1+ Kf5 22. Bg3 Rhd8 23. Re5+ Kg6 24. h4 Kf6 25. f4 g6 26. h5 h6 27. hxg6 fxg6 28. Rdxd5 Rxd5 29. Rxd5 Ke6 30. Re5+ Kf6 31. Rd5 Ke6 32. Re5+ Kf6 33. Rd5 Ke6 34. Re5+ Kf6 35. Bh4+ g5 1/2-1/2

[Event "Mukachevo Rating March 2019"]
[Site "Mukachevo"]
[Date "2019.03.14"]
[Round "4"]
[White "Larkin, Vladyslav"]
[Black "Terletsky, Oleg"]
[Result "1-0"]
[WhiteElo "2336"]
[BlackElo "2264"]
[Annotator "ChessBase"]
[PlyCount "71"]
[EventDate "2019.??.??"]
[EventCountry "UKR"]
[SourceTitle "playchess.com"]
[Source "ChessBase"]
[SourceQuality "1"]
[TimeControl "40/5400+30:900+30"]

1. d4 Nf6 2. Bf4 g6 3. e3 Bg7 4. h3 O-O 5. Nd2 d6 6. c3 Nbd7 7. Ngf3 b6 8. Bc4 Bb7 9. O-O Qe8 10. Bh2 e5 11. a4 a6 12. Qe2 e4 13. Ne1 Nd5 14. Bxd5 Bxd5 15. c4 Bb7 16. a5 Qe7 17. Nc2 f5 18. b4 bxa5 19. Rxa5 c5 20. bxc5 dxc5 21. Rb1 Ra7 22. Nb3 cxd4 23. Ncxd4 Raa8 24. c5 Ne5 25. c6 Bc8 26. Nc5 Re8 27. Qa2+ Kh8 28. Nxa6 f4 29. Bxf4 Nd3 30. Bg3 Rxa6 31. Rxa6 Bxd4 32. exd4 e3 33. fxe3 Qxe3+ 34. Kh2 Be6 35. d5 Bf5 36. Ra8 1-0

[Event "Mukachevo Rating March 2019"]
[Site "Mukachevo"]
[Date "2019.03.14"]
[Round "4"]
[White "Vanczak, Tamas"]
[Black "Shankovskyi, Andrii"]
[Result "1/2-1/2"]
[WhiteElo "2263"]
[BlackElo "2347"]
[Annotator "TA"]
[PlyCount "181"]
[EventDate "2019.??.??"]
[EventCountry "UKR"]
[SourceTitle "playchess.com"]
[Source "ChessBase"]
[SourceQuality "1"]

{[%evp 9,181,0,0,0,0,0,2,0,1,-14,1,8,3,11,24,22,19,25,27,27,200,204,192,194,181,205,187,176,183,179,196,133,142,143,173,191,178,160,234,238,183,196,393,393,554,527,713,584,764,762,744,564,554,559,659,658,639,645,645,624,709,695,781,460,454,454,484,470,514,504,693,679,820,814,793,744,718,686,796,796,810,795,804,803,804,804,810,796,796,781,758,718,952,916,979,979,967,954,1175,1145,2336,2288,1860,1764,1687,1639,1639,1965,1916,1916,1779,1758,2338,1445,1404,1314,29964,2206,29963,29968,29972,29974,29974,29965,29977,29978,29978,29978,29974,29975,29976,29977,29973,29978,29978,29978,29980,29981,29981,29978,29982,29979,29979,29980,29980,29981,29981,29981,29978,3265,29978,29979,29976,29967,29988,29988,29987,1320,1176,29962,29962,29964,29952,1897,29950,0,0,0,0,8,8,0,0,-8]} 1. d4 d5 2. Bf4 Nf6 3. e3 c5 4. c3 Qb6 5. Qb3 c4 6. Qc2 {D00: 1 d4 d5: Unusual lines} g6 7. Nd2 Bf5 8. Qc1 Nc6 9. Ngf3 Bg7 10. h3 O-O 11. Be2 Rfe8 (11... Rac8 12. O-O Rfe8 {1-0 (52) Wang,Y (2699)-Ghaem Maghami,E (2560) Ashkhabad 2017}) 12. O-O Nd7 $146 ({Predecessor:} 12... Qd8) 13. e4 dxe4 14. Nxc4 exf3 $2 (14... Qa6 $11 {and Black has nothing to worry.} 15. Ng5 f6) 15. Nxb6 $18 fxe2 16. Nxa8 {aiming for Re1.} exf1=Q+ 17. Qxf1 Rxa8 18. d5 Nce5 {[#]} 19. Rd1 $1 h5 20. Bg5 (20. Qe2 $18) 20... f6 $16 21. Be3 Nf7 22. Qe2 {g4 is the strong threat.} h4 23. c4 b6 (23... Rc8 $16 {is a better defense.} 24. c5 (24. Bxa7 b6 $11) 24... Rc7) 24. b4 $18 {[%cal Bb2b4,Bb4b5][%mdl 32]} Rc8 {[#]} 25. c5 $1 {[%mdl 512]} Rc7 $2 (25... bxc5 26. bxc5 Nxc5) 26. c6 Nf8 (26... Nde5 $142 27. f4 {[%mdl 64] Trapped Piece} Nxc6) 27. Bf4 Ne5 28. b5 g5 29. Bxe5 fxe5 30. Qd2 Bf6 31. a4 e4 32. d6 exd6 33. Qxd6 Rf7 34. Qb8 Be7 35. c7 Bc5 36. c8=Q Bxc8 37. Qxc8 Bxf2+ 38. Kf1 Bg3+ 39. Ke2 Bf4 40. Rd8 e3 41. Re8 Kg7 42. Qc3+ Kg6 43. Qh8 Nd7 44. Rg8+ Kf5 45. Rg7 Rxg7 46. Qxg7 Ke6 47. Qg8+ Kd6 48. Qa8 Nf6 49. Qb8+ Ke6 50. Qxa7 Nd5 51. Qb7 Bc7 52. Qc8+ Ke5 53. Kd3 Bd6 54. Qh8+ Kf5 55. Qh7+ Ke6 56. Qg8+ Ke5 57. Qxg5+ {[%mdl 64] Double Attack} Ke6 58. Qg6+ Nf6 59. Kxe3 Bg3 60. Kf3 Ke5 61. Qg7 Ke6 62. Qb7 Nd7 63. Qc6+ (63. Qc8 $142 Ke7 64. Qc3 Kd6 65. a5 bxa5 66. Qxa5 Nb8 67. Qa3+ Kd5 68. Qe7) 63... Ke7 64. Ke4 Nf6+ 65. Kf5 Nd7 66. Qb7 Kd6 {[#]} 67. a5 $1 bxa5 68. Qa6+ Ke7 69. b6 Kd6 70. Qxa5 Kc6 71. Qa4+ Kd6 72. Qb5 Nb8 73. Ke4 Nd7 74. Qd5+ Ke7 75. Qc6 Bf2 76. b7 Bg3 77. Kf5 Nb8 78. Qe6+ Kd8 79. Qc8+ Ke7 80. Ke4 Nd7 81. Kd5 Nb8 82. Qe6+ Kd8 83. Qg8+ (83. Qb6+ $142 Ke7 84. Qe3+ Kf7 85. Qe6+ Kg7 86. Qe7+ Kh8 87. Ke6 Nc6 88. Qd7) 83... Kc7 84. Qg7+ Kb6 85. Qxg3 hxg3 86. h4 (86. Kd6 $142 Kxb7 87. h4 Nc6 88. h5 Nd4 89. Ke5 Nf3+ 90. Kf6 Nh4 91. h6 Nxg2 92. h7) 86... Kxb7 {[#] KN-KPP} 87. Ke6 $2 ({Less strong is} 87. h5 Nd7 $16) (87. Kd6 $1 {mates} Nc6 88. h5 Nd4 89. Ke5 Nf3+ 90. Kf6 Nh2 91. Kf5 Nf3 92. h6) 87... Kc7 $11 {The position is equal.} 88. h5 Kd8 $1 {[%cal Rd8e8] White must now prevent ...Ke8.} 89. h6 Nd7 {Threatens to win with ...Ke8.} 90. Kf5 Nf8 {Hoping for ...Ke7.} 91. Kg4 {Accuracy: White = 71%, Black = 37%.} 1/2-1/2

[Event "Mukachevo Rating March 2019"]
[Site "Mukachevo"]
[Date "2019.03.14"]
[Round "4"]
[White "Kagramanianz, Vartan"]
[Black "Vachylia, Andrii"]
[Result "1-0"]
[WhiteElo "2249"]
[BlackElo "2268"]
[Annotator "NA"]
[PlyCount "53"]
[EventDate "2019.??.??"]
[EventCountry "UKR"]
[SourceTitle "playchess.com"]
[Source "ChessBase"]
[SourceQuality "1"]
[TimeControl "40/5400+30:900+30"]

1. e4 c5 2. c3 Nf6 3. e5 Nd5 4. d4 cxd4 5. Nf3 Nc6 6. cxd4 d6 7. Bc4 Nb6 8. Bb5 dxe5 9. Nxe5 $11 {LiveBook: 1008 Games} Qd5 10. Bxc6+ bxc6 11. O-O Nd7 12. Nc3 Qe6 13. Nd3 Qc4 14. Re1 Qxd4 15. Qf3 Qf6 16. Bf4 Qg6 17. Nb5 e6 18. Nc7+ Kd8 19. Nxa8 Bb7 20. Nc7 Kc8 21. Rac1 c5 22. Qg3 Qf5 23. Nb5 Ba6 24. a4 f6 25. Nxc5 Nxc5 26. b4 e5 27. Be3 1-0

[Event "Mukachevo Rating March 2019"]
[Site "Mukachevo"]
[Date "2019.03.14"]
[Round "5.1"]
[White "Shkuran, Danylo"]
[Black "Vanczak, Tamas"]
[Result "0-1"]
[WhiteElo "2356"]
[BlackElo "2263"]
[Annotator "TA"]
[PlyCount "44"]
[EventDate "2019.??.??"]
[EventCountry "UKR"]
[SourceTitle "playchess.com"]
[Source "ChessBase"]
[SourceQuality "1"]

{[%evp 19,44,0,0,-27,-24,-26,-15,-31,18,0,5,0,0,-14,-8,-18,-13,0,14,0,12,-10,0,-17,-6,-18,-15]} 1. e4 c5 2. Nf3 e6 3. d4 cxd4 4. Nxd4 a6 5. Nc3 Qc7 6. g3 b5 7. a3 Bb7 8. Bg2 d6 9. O-O Nf6 10. f4 {B43: Sicilian: Kan Variation: 5 Nc3} Nbd7 {LiveBook: 9 Games} 11. f5 (11. g4 e5 12. Nf5 g6 13. Ne3 exf4 14. Rxf4 Bg7 15. g5 Nh5 16. Ned5 Qc5+ 17. Be3 Qxe3+ 18. Nxe3 Nxf4 19. Qxd6 {1-0 (26) Chigaev,M (2555)-Warakomski,T (2537) Katowice 2017}) 11... e5 12. Nb3 {Black has an edge.} h5 13. h3 Qb6+ 14. Kh1 {The position is equal.} Rc8 $146 ({Predecessor:} 14... a5 15. Qe1 {½-½ (46) Melnikov,E (1978)-Golubov,S (2094) Moscow 2010}) 15. Qe2 Be7 16. Bf3 Qc7 17. Be3 Nb6 18. Nd2 Bc6 19. Rac1 Qb7 20. Bxb6 Qxb6 21. Nd5 Bxd5 22. exd5 h4 {[%mdl 32768] Precision: White = 28%, Black = 67%. . Loss on Time!?} 0-1

[Event "Mukachevo Rating March 2019"]
[Site "Mukachevo"]
[Date "2019.03.14"]
[Round "5.2"]
[White "Terletsky, Oleg"]
[Black "Tiba, Vladyslav"]
[Result "1-0"]
[WhiteElo "2264"]
[BlackElo "2389"]
[Annotator "TA"]
[PlyCount "45"]
[EventDate "2019.??.??"]
[EventCountry "UKR"]
[SourceTitle "playchess.com"]
[Source "ChessBase"]
[SourceQuality "1"]

{[%evp 16,45,43,34,43,22,26,31,66,28,59,63,63,38,189,112,221,213,249,228,376,396,1040,1005,29991,2237,2367,2258,29992,29993,29993,29994]} 1. e4 c5 2. Nf3 e6 3. d4 cxd4 4. Nxd4 a6 5. c4 Nf6 6. Nc3 Bb4 7. Bd3 Qc7 8. O-O Bxc3 9. bxc3 d6 {B41: Sicilian: Kan Variation: 5 c4} 10. Ba3 Nbd7 11. f4 (11. Re1 Nc5 12. f4 e5 13. Nf5 Bxf5 14. exf5 O-O-O 15. Bc2 h5 16. Qd2 exf4 17. Qxf4 {½-½ (33) Yermolinsky,A (2599)-Stripunsky,A (2632) Reno 2003}) 11... O-O $146 {White is slightly better.} ({Predecessor:} 11... b6 12. Qa4 Bb7 13. Rfe1 O-O 14. Rab1 Rfc8 15. Qb3 Rab8 16. Nf3 {0-1 (37) Ghafouri,K-Raine,M (1976) Ballarat 2018}) 12. Qe1 Nc5 13. Bc2 b6 14. e5 $36 {[%mdl 2048] White has some pressure.} Nfd7 $2 (14... dxe5 $14 15. Qxe5 (15. fxe5 Nfd7 $11) 15... Ra7) 15. Qh4 (15. exd6 $18 Qxd6 16. Be4) 15... g6 (15... f5 $16 {was necessary.}) 16. exd6 $18 Qxd6 17. Rad1 Qc7 {[#]} (17... Bb7 $142 18. Rd3 Qb8) 18. f5 $1 {[%mdl 512]} exf5 $2 {[#]} (18... Bb7 19. Qh6 Qe5 20. Bxc5 (20. fxg6 fxg6 21. Bc1 Rxf1+ 22. Rxf1 Rf8 $11) 20... Qxc5 21. fxg6 fxg6 22. Bxg6 Qe7 23. Nxe6 hxg6 24. Qxg6+ (24. Nxf8 Nxf8 25. Rd3 Qc5+ 26. Kh1 Qc7 $16) 24... Kh8 25. Qh6+ Kg8 26. Nxf8 Nxf8) 19. Nxf5 $1 {[%mdl 512]} Ne6 (19... gxf5 20. Qg5+) 20. Bd6 (20. Nh6+ $142 Kg7 {[#]} 21. Nxf7 $1 {[%mdl 512]} Nf4 22. Rxf4 Qxf4 23. Bxf8+ Nxf8 24. Qxf4 Ra7 25. Ng5) 20... Qd8 21. Be7 Qc7 22. Nh6+ Kg7 23. Rxd7 {Accuracy: White = 66%, Black = 23%.} 1-0

[Event "Mukachevo Rating March 2019"]
[Site "Mukachevo"]
[Date "2019.03.14"]
[Round "5.3"]
[White "Demeter, Dorina"]
[Black "Larkin, Vladyslav"]
[Result "0-1"]
[WhiteElo "2140"]
[BlackElo "2336"]
[Annotator "TA"]
[PlyCount "22"]
[EventDate "2019.??.??"]
[EventCountry "UKR"]
[SourceTitle "playchess.com"]
[Source "ChessBase"]
[SourceQuality "1"]

{[%evp 10,22,50,38,56,56,55,46,46,40,31,32,40,38,44]} 1. Nf3 Nf6 2. c4 c6 3. d4 d5 4. Nc3 Bf5 5. cxd5 Nxd5 6. Qb3 {White is slightly better.} Nxc3 {D15: Slav Defence: 4 Nc3 a6 and gambit lines after 4 Nc3 dxc4} 7. bxc3 Qb6 8. Ba3 (8. Nd2 Nd7 9. e4 Qxb3 10. axb3 Bg6 11. f4 e6 12. Bd3 f6 13. O-O a6 14. f5 {½-½ (41) Stocek,J (2566)-Vokac,M (2506) Prague 2007}) 8... Nd7 9. e3 e6 10. Bxf8 Nxf8 $146 ({Predecessor:} 10... Rxf8 11. Nd2 Qxb3 12. axb3 Nb6 13. c4 f6 14. c5 {1-0 (50) Shamima,A (2093)-Aseel,O (1530) Sharjah 2016}) 11. Nd2 Nd7 {[%mdl 32768] Loss on time!?} 0-1

[Event "Mukachevo Rating March 2019"]
[Site "Mukachevo"]
[Date "2019.03.14"]
[Round "5.4"]
[White "Vachylia, Andrii"]
[Black "Zambo, Zoltan Istvan"]
[Result "1/2-1/2"]
[WhiteElo "2268"]
[BlackElo "2370"]
[Annotator "TA"]
[PlyCount "222"]
[EventDate "2019.??.??"]
[EventCountry "UKR"]
[SourceTitle "playchess.com"]
[Source "ChessBase"]
[SourceQuality "1"]

{[%evp 23,222,34,41,27,40,20,18,20,50,49,87,95,91,110,106,100,187,35,39,32,49,6,10,8,100,106,94,-24,-24,-24,0,0,0,0,0,-246,-143,-133,-141,-231,-218,-233,-222,-232,-222,-241,-234,-231,-236,-672,-659,-602,-218,-218,-218,-218,-172,-181,-147,-147,-147,-147,-147,-147,-147,-147,-147,-550,-66,-66,-56,-41,-41,-561,-550,-550,-550,-529,-521,-521,-521,-529,-521,-529,-521,-471,-41,-41,-35,-35,-8,-8,-8,-8,-8,-8,-8,-8,-8,-19,-8,-8,-8,-8,-8,-8,-8,-8,-8,-8,-8,-8,-8,-8,-8,-8,-8,-8,-8,-8,-8,-8,-8,-8,-8,-8,-8,-8,-8,-8,-8,-8,-8,-8,-8,-8,-8,-66,-8,-8,-8,-8,-8,-8,-8,-8,0,-8,-8,-58,-50,-29988,-29989,-29989,-8,-8,-8,-8,-8,-8,-8,-8,-8,-8,-8,-8,-8,-8,-8,-8,0,-8,-8,-8,-8,-8,-8,-8,-8,-8,-8,-8,-8,-29986,0,0,0,0,0,0,0,-8,0,0,0,0,0,0,0,0,0]} 1. d4 d5 2. c4 e6 3. Nf3 c5 4. cxd5 exd5 5. Nc3 Nc6 6. g3 Nf6 7. Bg2 Be7 8. O-O O-O 9. Bg5 c4 10. Ne5 Be6 11. e3 h6 12. Bxf6 Bxf6 13. f4 {D34: Tarrasch Defence: 6 g3 Nf6 7 Bg2 Be7} Ne7 (13... Bxe5 14. dxe5 Qb6 15. f5 Qxe3+ 16. Kh1 Bc8 17. Nxd5 Qxe5 18. Qd2 Rd8 19. Rae1 Qd4 20. Qxd4 Nxd4 {½-½ (54) Yuffa,D (2572)-Mamedov,R (2703) St Petersburg 2018}) 14. Qc2 {[#]} Bf5 $146 ({Predecessor:} 14... Qb6 15. a4 Rfd8 16. a5 Qa6 17. b3 Rac8 18. bxc4 Bxe5 19. fxe5 Rxc4 20. Rfc1 Rdc8 {½-½ (38) Nekhaev,A (2564)-Koegler,K (2524) ICCF email 2012}) 15. Qf2 Bxe5 16. dxe5 Bd3 17. Rfd1 f6 18. exf6 $1 Rxf6 19. e4 d4 (19... Qb6 $16 {was necessary.}) 20. Nd5 $2 ({White should try} 20. Na4 $1 $18) 20... Nxd5 $14 21. exd5 g5 22. Qxd4 {next b3 is good for White.} gxf4 23. b3 Be2 (23... b5 $11 {keeps the balance.}) 24. Rd2 $1 $16 {[%cal Rd2e2]} f3 25. bxc4 (25. Bf1 $1 $16) 25... f2+ $11 26. Kh1 f1=Q+ 27. Bxf1 Bxf1 28. Qg4+ $1 Kh8 29. Rb1 $2 (29. Qd4 $1 $11 Kh7 30. Rb1) 29... Qf8 (29... Qe7 $19 30. d6 Qf7) 30. Qd4 $17 (30. Rxb7 Bh3 31. Qd4 Kg8 32. Qf4 Rxf4 33. gxf4 Qxf4 34. Rg7+ Kxg7 35. Rg2+ Kf7 36. Kg1 Bxg2 37. h3 Rg8 38. c5 Bxd5#) 30... Kg8 $1 31. h4 (31. Qg4+ $17 Qg7 32. Qxg7+ Kxg7 33. c5) 31... b6 32. Re1 Bh3 33. Kh2 Bd7 34. d6 Rd8 35. c5 Bc6 $1 36. cxb6 $2 (36. Qc4+ Kh8 37. Qc3) 36... Rdxd6 $19 37. Qc4+ Qf7 $2 (37... Kg7 38. Rc2 Rf2+ 39. Kg1 Rxc2 40. Qxc2 Qf3 41. Qb2+ Kg6 42. h5+ Kxh5) 38. Qxf7+ Kxf7 39. Rxd6 Rxd6 40. bxa7 {[%mdl 4096] Endgame KRB-KR} Rd7 41. Rf1+ Kg7 $1 42. Rc1 Ba8 43. g4 Rxa7 44. Kg3 Bd5 (44... Rxa2 $2 45. Rd1) 45. h5 $2 {[%mdl 8192]} (45. Rb1 $17) 45... Rxa2 $2 (45... Ra3+ $19 46. Kh4 Bxa2) 46. Rc7+ $1 $15 Bf7 47. Rc5 $1 Ra3+ 48. Kh4 $2 {[%mdl 8192]} (48. Kf2 $15 Ra4 49. g5) 48... Ra4 49. Rc6 Re4 $1 50. Kg3 Be6 $1 51. Kf3 {[#]} Re1 $1 52. Rc7+ Kg8 53. Rc5 Rf1+ 54. Ke2 Rg1 $2 (54... Rh1 $19 55. Kf3 Rg1) 55. Rc6 $1 Kf7 (55... Bxg4+ $2 56. Kf2 $19) 56. Rc7+ Kf6 57. Rh7 $1 Kg5 (57... Rxg4 $2 58. Rxh6+ Ke5 59. Ke3 $19) 58. Rg7+ Kf4 59. Rg6 Bxg4+ {[%mdl 64] Double Attack} 60. Kd2 Rd1+ 61. Kc3 Bxh5 (61... Rc1+ {looks sharper.} 62. Kd4 Be2 63. Rxh6 Rc4+ 64. Kd5 Ra4) 62. Rxh6 Bf3 63. Kc2 Rd7 64. Kc3 Ke3 65. Rh3 Rc7+ 66. Kb4 Ke4 67. Rh4+ Ke5 68. Rc4 Rb7+ 69. Kc3 Bd5 70. Rh4 Rb3+ 71. Kc2 Rg3 (71... Kd6 {seems wilder.} 72. Rh6+ Kc7 73. Rh5 Bg8 74. Rg5 Be6) 72. Kd2 Be4 73. Rh8 $1 Kd4 74. Rd8+ Bd5 75. Ke2 Rg2+ 76. Kf1 Rb2 77. Kg1 Ke4 78. Rd7 Rd2 79. Ra7 Kf4 80. Kf1 ({White should play} 80. Ra3 $1 $11 Bc4 81. Rh3) 80... Bf3 ({Better is} 80... Be4 $1 $15 81. Kg1 Kf3 82. Ra3+ Bd3) 81. Ke1 $11 Re2+ 82. Kf1 Rc2 83. Ke1 Kg3 84. Rg7+ Kf4 85. Ra7 Be4 86. Kd1 Ke3 87. Rg7 $2 {[%mdl 8192]} (87. Rd7 $15 Rc6 88. Ke1) 87... Rc5 88. Re7 Rb5 $2 (88... Rh5 89. Rxe4+ Kxe4 90. Kc2 Rc5+ 91. Kb3 Kd3 92. Kb4 Rh5 93. Kb3 Rh4 94. Kb2 Rb4+ 95. Ka3 Kc3 96. Ka2 Ra4+ 97. Kb1 Ra8 98. Kc1 Ra1#) 89. Rc7 Rb2 90. Rc8 Rb6 91. Rc7 Bf5 {...Rb2 is the strong threat.} 92. Rc3+ Bd3 {And now ...Rb1+ would win.} 93. Rc7 Rb3 94. Re7+ Be4 {[%cal Rb3b1]} 95. Rc7 Bf5 96. Rc5 Be4 {Hoping for ...Kd3.} 97. Rc7 Rd3+ 98. Kc1 Rd2 99. Rc3+ Bd3 100. Rc7 Ra2 101. Re7+ Kd4 102. Rc7 Bc4 {( -> ...Kc3)} 103. Kd1 $2 {[%mdl 8192] [#]} (103. Rb7 $11 Kc3 104. Rb8 Ba6 105. Rb6 Bd3 106. Rc6+ Bc4 107. Rxc4+ Kxc4 108. Kd1 Kc3 109. Ke1 Kd3 110. Kf1 Ke3 111. Kg1 Kf3 112. Kh1 Kg3 113. Kg1 Ra1#) 103... Bb3+ $2 (103... Kc3 $1 {mates} 104. Ke1 Re2+ 105. Kd1 Re8 106. Rc5 Rd8+ 107. Ke1 Rf8 108. Rxc4+ Kxc4 109. Ke2 Kd4 110. Kd2 Rf2+ 111. Ke1 Ke3 112. Kd1 Kd3 113. Kc1 Rg2 114. Kb1 Kc3 115. Ka1 Kb3 116. Kb1 Rg1#) 104. Ke1 {The position is equal.} Kd3 105. Re7 Bd5 {Strongly threatening ...Be4.} 106. Rd7 Kd4 {aiming for ...Rh2.} 107. Rd8 Ke4 108. Re8+ Kf3 {White must now prevent ...Be4.} 109. Kd1 Be4 {Threatens to win with ...Ke3.} 110. Rh8 Ke3 {[%cal Ra2a1]} 111. Rh3+ Kd4 {Accuracy: White = 56%, Black = 59%.} 1/2-1/2

[Event "Mukachevo Rating March 2019"]
[Site "Mukachevo"]
[Date "2019.03.14"]
[Round "5.5"]
[White "Shankovskyi, Andrii"]
[Black "Kagramanianz, Vartan"]
[Result "1-0"]
[WhiteElo "2347"]
[BlackElo "2249"]
[Annotator "TA"]
[PlyCount "69"]
[EventDate "2019.??.??"]
[EventCountry "UKR"]
[SourceTitle "playchess.com"]
[Source "ChessBase"]
[SourceQuality "1"]

{[%evp 12,69,36,26,47,22,37,0,0,0,10,21,8,0,45,55,64,18,20,28,31,39,64,44,56,60,112,111,85,100,122,124,125,120,120,114,152,140,166,138,157,152,164,154,264,259,266,267,262,264,250,233,238,240,272,271,258,256,257,259]} 1. e4 c6 2. d4 d5 3. e5 Bf5 4. Nf3 e6 5. Be2 Ne7 6. O-O Bg6 7. Nbd2 Nd7 {B12: Caro-Kann: Advance Variation} (7... Nf5 8. a4 Nd7 9. a5 h5 10. c3 Be7 11. Ne1 c5 12. Ndf3 a6 13. Nd3 h4 14. b4 cxd4 15. cxd4 {1-0 (41) Harikrishna,P (2725)-Tomashevsky,E (2705) St Petersburg 2018}) 8. Nb3 Nf5 9. Ne1 Be7 {The position is equal.} 10. Nd3 O-O 11. Nf4 $146 ({Predecessor:} 11. c3 Rc8 12. g4 Nh4 13. Bf4 Bxd3 14. Bxd3 c5 {0-1 (33) Zhigalko,S (2493)-Asrian,K (2599) Moscow 2004}) 11... c5 12. c3 c4 13. Nd2 Bg5 14. Nf3 Bxf4 15. Bxf4 Nh4 16. Ne1 f6 17. Qd2 Bf7 18. exf6 gxf6 (18... Nxf6 $14 19. h3 Qb6) 19. Nf3 Nxf3+ 20. Bxf3 Kh8 21. Rfe1 Rg8 22. h3 Nf8 23. Bg4 Qe8 24. Bg3 Qd8 25. Re2 Rg7 26. Qh6 Rc8 27. Bh4 Ng6 (27... Rg6 $16 {was called for.} 28. Qf4 Kg7) 28. Bxe6 $18 Bxe6 29. Rxe6 Nxh4 30. Qxh4 f5 31. Qf6 Qxf6 32. Rxf6 Re7 33. Kf1 {White has a decisive advantage.} Rce8 34. Rxf5 Re2 35. Rf8+ {Accuracy: White = 68%, Black = 30%.} 1-0